Faithful Innovation: Negotiating Institutional Logics for AI Value Alignment Among Christian Churches in America

As artificial intelligence (AI) technologies are progressively integrated across life domains, religious organizations are negotiating opportunities and tensions as AI applications are incorporated into their daily practices. Given the limited and growing research on AI and religion, this study expl...

Full description

Saved in:  
Bibliographic Details
Authors: Cheong, Pauline Hope 1977- (Author) ; Liu, Liming (Author)
Format: Electronic Article
Language:English
Check availability: HBZ Gateway
Interlibrary Loan:Interlibrary Loan for the Fachinformationsdienste (Specialized Information Services in Germany)
Published: 2025
In: Religions
Year: 2025, Volume: 16, Issue: 3
Further subjects:B Automation
B Authority
B Artificial Intelligence
B Institutional logics
B American Christian churches
B Religious Organizations
Online Access: Volltext (kostenfrei)
Volltext (kostenfrei)

MARC

LEADER 00000caa a22000002c 4500
001 1918762511
003 DE-627
005 20250301055333.0
007 cr uuu---uuuuu
008 250228s2025 xx |||||o 00| ||eng c
024 7 |a 10.3390/rel16030302  |2 doi 
035 |a (DE-627)1918762511 
035 |a (DE-599)KXP1918762511 
040 |a DE-627  |b ger  |c DE-627  |e rda 
041 |a eng 
084 |a 0  |2 ssgn 
100 1 |e VerfasserIn  |0 (DE-588)1023505800  |0 (DE-627)71839447X  |0 (DE-576)314133836  |4 aut  |a Cheong, Pauline Hope  |d 1977- 
109 |a Cheong, Pauline Hope 1977-  |a Cheong, Pauline 1977- 
245 1 0 |a Faithful Innovation: Negotiating Institutional Logics for AI Value Alignment Among Christian Churches in America 
264 1 |c 2025 
336 |a Text  |b txt  |2 rdacontent 
337 |a Computermedien  |b c  |2 rdamedia 
338 |a Online-Ressource  |b cr  |2 rdacarrier 
520 |a As artificial intelligence (AI) technologies are progressively integrated across life domains, religious organizations are negotiating opportunities and tensions as AI applications are incorporated into their daily practices. Given the limited and growing research on AI and religion, this study explores how religious leaders perceive and manage emerging automation to align with institutional values. Drawing upon in-depth interviews with pastors in Christian churches in the United States, this study reveals how they understand and prioritize their mission, community solidarity, and beliefs regarding human dignity and agency in their AI adoption. This study helps shed light on the significance of faithful adherence to values in advancing responsible AI and religious human–machine communication. Findings also highlight the performance of religious authority amid the plurality of institutional logics in current church settings. This paper concludes with a call for future research to extend our understanding of the socio-cultural implications of automation and recognize efforts by key religious leadership to influence AI adoption, ethics, and governance. 
601 |a Institution 
650 4 |a Automation 
650 4 |a Authority 
650 4 |a Institutional logics 
650 4 |a American Christian churches 
650 4 |a Religious Organizations 
650 4 |a Artificial Intelligence 
700 1 |a Liu, Liming  |e VerfasserIn  |0 (orcid)0000-0001-8873-3097  |4 aut 
773 0 8 |i Enthalten in  |t Religions  |d Basel : MDPI, 2010  |g 16(2025), 3, Artikel-ID 302  |h Online-Ressource  |w (DE-627)665435797  |w (DE-600)2620962-7  |w (DE-576)348219067  |x 2077-1444  |7 nnas 
773 1 8 |g volume:16  |g year:2025  |g number:3  |g elocationid:302 
856 4 0 |u https://doi.org/10.3390/rel16030302  |x Resolving-System  |z kostenfrei  |3 Volltext  |7 0 
856 4 0 |u https://www.mdpi.com/2077-1444/16/3/302  |x Verlag  |z kostenfrei  |3 Volltext  |7 0 
935 |a mteo 
951 |a AR 
ELC |a 1 
LOK |0 000 xxxxxcx a22 zn 4500 
LOK |0 001 467500668X 
LOK |0 003 DE-627 
LOK |0 004 1918762511 
LOK |0 005 20250228055507 
LOK |0 008 250228||||||||||||||||ger||||||| 
LOK |0 035   |a (DE-Tue135)IxTheo#2025-02-27#1A9E699AB95151EAAEFEF3BA4D9C2A0F2FD5190C 
LOK |0 040   |a DE-Tue135  |c DE-627  |d DE-Tue135 
LOK |0 092   |o n 
LOK |0 852   |a DE-Tue135 
LOK |0 852 1  |9 00 
LOK |0 935   |a ixzs  |a zota 
LOK |0 939   |a 28-02-25  |b l01 
OAS |a 1 
ORI |a SA-MARC-ixtheoa001.raw 
REL |a 1 
STA 0 0 |a Automation 
STB 0 0 |a Automatisation 
STC 0 0 |a Automación 
STD 0 0 |a Automazione 
STF 0 0 |a 自动化 
STG 0 0 |a Automação 
STH 0 0 |a Автоматизация 
STI 0 0 |a Αυτοματοποίηση 
SUB |a REL 
SYE 0 0 |a Automatisierung,Automatisation,Unternehmen